| 000 | 00459nam a2200181Ia 4500 | ||
|---|---|---|---|
| 005 | 20250206010100.0 | ||
| 008 | 240331s9999 xx 000 0 und d | ||
| 020 | _a0863582117 | ||
| 082 |
_bPRI _23552 _a305.4 |
||
| 100 | _aPrice, J | ||
| 245 | 0 |
_aMotherhood: _bWhat it Does To Your Mind |
|
| 260 |
_aLondon; _aSydney; _aWellington _bPandora Press _c1988 |
||
| 300 | _aix, 155 p., | ||
| 650 | _aMotherhood | ||
| 650 | _aWomen | ||
| 650 | _aFamily | ||
| 942 | _cL | ||
| 999 |
_c1688 _d1688 |
||